Spell the Marvel Character #49 - Statistics

General Stats
  • This quiz has been taken 23 times
  • The average score is 7 of 10
Answer Stats
Picture Answer % Correct
Gamora
100%
Iceman
100%
Nightcrawler
100%
Elektra
94%
Red Dagger
69%
Energizer
63%
Reptil
63%
Enigma
56%
El Muerto
31%
Zero
31%
No matching quizzes found
Score Distribution
Percent of People with Each Score
Percentile by Number Answered
Your Score History
You have not taken this quiz